| 000 | 01842cad a22003135a 4500 | ||
|---|---|---|---|
| 001 | L144338 | ||
| 008 | 080711e20080710xxkad f 000 0 eng d | ||
| 035 | _a(Sirsi) u144338 | ||
| 041 | 0 | _aeng | |
| 050 | 0 | 4 | _a711.1 $2 18 |
| 100 | 1 | _aKemball, David | |
| 245 | 0 | 4 |
_aThe economics of land use planning _b(LUP) _h[electronic resource] |
| 490 | 0 |
_aHealth and Safety Executive _bDiscussion Paper Series _v(1) |
|
| 505 | 2 | _aCurrent policy -- Rationale for government intervention -- Land use planning and societal risk -- Comparison with the EU -- Applying market based mechanisms to land use planning: Safety levy -- Insurance -- Cap and trade -- Conclusion | |
| 505 | 2 | _aAnnex A: Glossary of economic terms and concepts -- Annex B: Land use planning systems of the Netherlands, France and Germany -- Annex C: Buncefield and land use planning reforms -- Annex D: Summary of initial regulatory impact assessment of land use planning around large scale petrol storage sites | |
| 520 | _aPaper explores the economic theory behind alternative approaches to the current Land Use Planning (LUP) system around major hazard sites. Also explores recent changes in policy following the Buncefield explosion and provides a survey of approaches to land use planning adopted in France, Germany and the Netherlands. | ||
| 521 | _aAdvanced | ||
| 650 | 2 | 4 | _aEDWARDS V NATIONAL COAL BOARD |
| 650 | 2 | 4 | _aTOWN AND COUNTRY PLANNING ACT 1990 S106 |
| 651 | 4 |
_aEngland and Wales _y1543- |
|
| 651 | 4 | _aFrance | |
| 651 | 4 |
_aGermany _y1990- |
|
| 651 | 4 | _aNetherlands | |
| 690 | _aENVIRONMENTAL AND LAND CONSULTANCY-PLANNING AND DEVELOPMENT-STRATEGIC PLANNING | ||
| 700 | 1 | _aMcNally, Tara | |
| 700 | 1 | _aMilne, Chris | |
| 856 | 4 | 0 |
_uhttps://www.ukopa.co.uk/pdfs/UKOPA-08-0055.pdf/ _zView the document free of charge online at www.ukopa.co.uk |
| 942 | _n0 | ||
| 999 |
_c108465 _d108465 |
||